[Event "Women's Speed Chess Q2"]
[Site "chess.com INT"]
[Date "2021.05.29"]
[Round "10"]
[White "Mrudul, Dehankar"]
[Black "Agrest, Inna"]
[Result "1-0"]
[WhiteTitle "WIM"]
[BlackTitle "WIM"]
[WhiteElo "2256"]
[BlackElo "2285"]
[WhiteFideId "25096990"]
[BlackFideId "1708830"]
[EventDate "2021.05.29"]

1. e4 e5 2. Nf3 Nc6 3. Bb5 a6 4. Ba4 Nf6 5. O-O b5 6. Bb3 Bc5 7. Nc3 d6 8. d3 h6
9. a4 Rb8 10. axb5 axb5 11. Nd5 O-O 12. Be3 Bg4 13. h3 Bh5 14. g4 Bg6 15. Nxf6+
Qxf6 16. Kh2 Kh7 17. h4 Kh8 18. Kg3 Nd4 19. Nxd4 Bxd4 20. Bxd4 Qf4+ 21. Kg2 exd4
22. f3 c5 23. Qc1 Qxc1 24. Rfxc1 f6 25. Ra7 Ra8 26. Rca1 Rxa7 27. Rxa7 Rd8 28.
Bd5 h5 29. Kg3 Be8 30. g5 Bd7 31. Ra6 Be8 32. f4 Kh7 33. f5 fxg5 34. hxg5 g6 35.
f6 Bd7 36. Ra7 Kh8 37. Bf7 Kh7 38. Be6 Kh8 39. Bxd7 h4+ 40. Kxh4 c4 41. Be6 cxd3
42. cxd3 b4 43. f7 Rf8 44. Re7 Kg7 45. Re8 b3 46. Kg4 d5 47. Bxd5 Rxf7 48. Bxf7
Kxf7 49. Rb8 Ke6 50. Rxb3 Ke5 51. Rb5+ Kd6 52. Rd5+ Kc6 53. b4 Kb6 54. e5 Kc6
55. Rd6+ Kc7 56. b5 Kb7 57. b6 Kc8 58. e6 Kb8 59. e7 Kb7 60. e8=Q Ka6 61. Qa4+
Kb7 62. Rd7+ Kb8 63. Qa7+ Kc8 64. Qc7# 1-0

[Event "Women's Speed Chess Q2"]
[Site "chess.com INT"]
[Date "2021.05.29"]
[Round "10"]
[White "Golubeva, Oksana"]
[Black "Arabidze, Meri"]
[Result "0-1"]
[WhiteTitle "WFM"]
[BlackTitle "IM"]
[WhiteElo "2179"]
[BlackElo "2436"]
[WhiteFideId "4170164"]
[BlackFideId "13604040"]
[EventDate "2021.05.29"]

1. Nf3 d5 2. e3 e6 3. c4 Nf6 4. Nc3 c5 5. d4 Nc6 6. a3 a6 7. cxd5 exd5 8. Bd3 c4
9. Bc2 Bd6 10. h3 O-O 11. g4 Re8 12. g5 Ne4 13. Nxd5 Qa5+ 14. Nc3 Bf5 15. Bd2
Nxd2 16. Qxd2 Bxc2 17. Qxc2 Nb4 18. Qe2 Nd3+ 19. Kf1 Qf5 20. e4 Qg6 21. e5 Bf8
22. Rg1 b5 23. Nh4 Qe6 24. Qf3 Rad8 25. Rg4 Nxb2 26. Re1 Nd3 27. Re3 b4 28. axb4
Nxb4 29. Nf5 Kh8 30. Rh4 Qg6 31. Ne4 Nc2 32. Ned6 Nxe3+ 33. fxe3 Bxd6 34. Nxd6
Rxd6 35. exd6 Qxd6 36. Qf5 Qg6 37. Qxg6 fxg6 38. Ke2 Rc8 39. Kd2 a5 40. Kc3 a4
41. Rf4 a3 42. Rf1 Re8 43. Re1 Kg8 44. Kxc4 a2 45. Kd3 Ra8 46. Ra1 Ra3+ 47. Ke4
Kf7 48. Kf4 Ke6 49. e4 h6 50. h4 h5 51. d5+ Kd6 52. e5+ Kxd5 53. Rd1+ Ke6 54.
Ra1 Ra4+ 55. Kg3 Kxe5 56. Kf3 Kd4 57. Ke2 Kc3 0-1

[Event "Women's Speed Chess Q2"]
[Site "chess.com INT"]
[Date "2021.05.29"]
[Round "10"]
[White "Socko, Monika"]
[Black "Ambartsumova, Karina"]
[Result "0-1"]
[WhiteTitle "GM"]
[BlackTitle "IM"]
[WhiteElo "2421"]
[BlackElo "2382"]
[WhiteFideId "1106619"]
[BlackFideId "4166299"]
[EventDate "2021.05.29"]

1. d4 Nf6 2. c4 e6 3. Nf3 d5 4. g3 dxc4 5. Bg2 Nc6 6. O-O Rb8 7. a4 a6 8. e3 b5
9. axb5 axb5 10. b3 cxb3 11. Qxb3 Be7 12. Bb2 O-O 13. Rc1 Nb4 14. Nbd2 Bb7 15.
Ra7 Bd5 16. Qd1 Nd3 17. Rc2 Nxb2 18. Rxb2 c5 19. dxc5 Bxc5 20. Ra1 b4 21. Qe2
Ne4 22. Nxe4 Bxe4 23. Rd1 Qe7 24. Qc4 Bd5 25. Qg4 Qb7 26. Nh4 Bxg2 27. Nxg2 Rfd8
28. Rdb1 Bf8 29. h4 Qd5 30. Nf4 Qe4 31. Qe2 h6 32. Kh2 Be7 33. Qh5 Bf6 34. Rb3
Rd2 35. Kg1 Qc2 36. Qf3 Be7 37. Nh5 Rbd8 38. Kg2 Qg6 39. Nf4 Qf5 40. Qb7 Qe5 41.
Qxe7 Qe4+ 42. Kg1 Qf3 43. Rf1 Rd1 44. Rb1 Rxf1+ 45. Rxf1 Rb8 46. Qd6 Qb7 47. Rd1
b3 48. Rb1 b2 49. Qd2 Qb3 50. Nd3 Rd8 51. Rxb2 Qxd3 52. Qxd3 Rxd3 53. Kg2 Kh7
54. Kf3 h5 55. Rb7 Kg6 56. Kf4 Rd5 57. e4 Rd2 58. f3 f6 59. g4 e5+ 60. Kg3 Rd3
61. gxh5+ Kh6 62. Kg4 Rd1 63. Rb8 Kh7 0-1

[Event "Women's Speed Chess Q2"]
[Site "chess.com INT"]
[Date "2021.05.29"]
[Round "10"]
[White "Zakirova, Aisha"]
[Black "Rakshitta, Ravi"]
[Result "0-1"]
[WhiteTitle "WCM"]
[BlackTitle "WIM"]
[WhiteElo "1585"]
[BlackElo "2190"]
[WhiteFideId "13719734"]
[BlackFideId "25073230"]
[EventDate "2021.05.29"]

1. d4 Nf6 2. c4 Nc6 3. Nc3 e5 4. d5 Ne7 5. e4 Ng6 6. Nge2 Bc5 7. Ng3 a5 8. Be2
d6 9. h4 h5 10. Bg5 Nf4 11. Bxf4 exf4 12. Nxh5 Nxh5 13. Bxh5 Qf6 14. Bg4 Rxh4
15. Bh3 f3 16. Qd2 fxg2 17. Bxg2 Rxh1+ 18. Bxh1 Bg4 19. Na4 Bd4 20. f3 Qh4+ 21.
Ke2 Qf2+ 22. Kd3 Qxd2+ 23. Kxd2 Bd7 24. Nc3 Ke7 25. f4 Rh8 26. Kd3 Bc5 27. Bf3
Rh3 28. Rf1 Bg4 29. Ke2 Rh2+ 30. Kd3 Bxf3 31. Rxf3 Rxb2 32. Rg3 g6 33. f5 gxf5
34. exf5 Bb4 35. Ne4 Rxa2 36. f6+ Kd7 37. Rg7 Ra3+ 38. Ke2 Bc5 39. Rxf7+ Ke8 40.
Rxc7 Re3+ 41. Kd2 Rxe4 42. Rxb7 Rd4+ 43. Kc3 Rf4 44. Rb5 Rxf6 45. Rxa5 Rf3+ 46.
Kb2 Ke7 47. Ra6 Kf6 48. Rc6 Ke5 49. Rc7 Kd4 50. Rh7 Rf2+ 51. Kb3 Rf3+ 52. Kc2
Kxc4 53. Rh4+ Kxd5 54. Rh5+ Kc4 55. Rh4+ Bd4 56. Rg4 d5 57. Rh4 Rf2+ 58. Kd1 Kd3
59. Rh3+ Be3 60. Ke1 Rg2 61. Kf1 Rg5 0-1

[Event "Women's Speed Chess Q2"]
[Site "chess.com INT"]
[Date "2021.05.29"]
[Round "10"]
[White "Marjanovic, Annamaria"]
[Black "Pham, Le Thao Nguyen"]
[Result "0-1"]
[WhiteTitle "WGM"]
[BlackTitle "IM"]
[WhiteElo "2338"]
[BlackElo "2369"]
[WhiteFideId "750930"]
[BlackFideId "12401226"]
[EventDate "2021.05.29"]

1. c4 c6 2. g3 d5 3. Nf3 Nf6 4. Bg2 Bg4 5. O-O e6 6. b3 Nbd7 7. Bb2 Bd6 8. d3
O-O 9. Nbd2 Qe7 10. cxd5 exd5 11. h3 Bh5 12. Re1 Nc5 13. Qc2 Rfd8 14. Nd4 Bg6
15. b4 Ncd7 16. a3 a5 17. b5 c5 18. N4f3 b6 19. Nh4 Rac8 20. Nxg6 hxg6 21. a4
Be5 22. Rac1 Qd6 23. Nf3 Bxb2 24. Qxb2 Re8 25. Nd2 Re7 26. Kh2 Rce8 27. e3 Qe6
28. d4 c4 29. e4 dxe4 30. Nxe4 Nd5 31. Nc5 c3 32. Qc2 Qd6 33. Ne4 Qb4 34. Red1
Rc8 35. Rd3 Rc4 36. Nxc3 Nxc3 37. Rxc3 Rxd4 38. Rc8+ Kh7 39. Qc3 Nc5 40. Qxb4
Rxb4 41. Rc6 Nxa4 42. Rd6 Re2 43. Kg1 Rbb2 44. Rf1 Rxb5 45. Bc6 Rb4 46. Bxa4
Rxa4 47. Rxb6 Rd4 48. Ra6 a4 49. Ra7 f6 50. Kg2 g5 51. Kf3 Rb2 52. Ke3 Rc4 53.
Kd3 Rcb4 54. f4 R2b3+ 55. Kc2 Rxg3 56. fxg5 Rxg5 57. Rf3 Rh4 58. Rb7 Rc5+ 59.
Kb2 Rch5 60. Ra7 Rxh3 61. Rf4 R3h4 62. Rf3 Rb5+ 63. Ka2 Rbb4 64. Rg3 Rbg4 65.
Rf3 Kh6 66. Rf5 Rg5 67. Rfa5 Rxa5 68. Rxa5 Re4 69. Ra6 Kg6 70. Ra8 Kf5 71. Kb2
g5 72. Kc3 Rf4 73. Kd3 Kg4 74. Ke3 f5 75. Rh8 Re4+ 76. Kd3 Kg3 77. Rg8 g4 78.
Ra8 Kf4 79. Ra5 g3 80. Ra8 Kf3 81. Rg8 Rg4 0-1

[Event "Women's Speed Chess Q2"]
[Site "chess.com INT"]
[Date "2021.05.29"]
[Round "10"]
[White "Avramidou, Anastasia"]
[Black "Nguyen, Thi Thanh An"]
[Result "1-0"]
[WhiteTitle "FM"]
[BlackTitle "WGM"]
[WhiteElo "2238"]
[BlackElo "2259"]
[WhiteFideId "4239873"]
[BlackFideId "12400300"]
[EventDate "2021.05.29"]

1. d4 Nf6 2. c4 g6 3. Nc3 Bg7 4. e4 d6 5. Bd3 O-O 6. Nge2 Nc6 7. O-O Nd7 8. Bc2
e5 9. d5 Nd4 10. Nxd4 exd4 11. Nb5 Ne5 12. Nxd4 Nxc4 13. Rb1 Bd7 14. b3 Ne5 15.
Bb2 c5 16. dxc6 bxc6 17. f4 Ng4 18. Qd2 Qb6 19. h3 Nf6 20. Kh2 Rad8 21. Rbe1 Bc8
22. Bc3 Qb8 23. Nxc6 Qc7 24. Bxf6 Bxf6 25. Nxd8 Bc3 26. Qe2 Bxe1 27. Rxe1 Rxd8
28. Bd3 d5 29. e5 Be6 30. Qf3 Qa5 31. Re2 Qc7 32. f5 Bc8 33. Qg3 Re8 34. Bb5 Rd8
35. f6 Qc5 36. Bd3 Be6 37. Qg5 Qf8 38. h4 Rc8 39. Rc2 Rxc2 40. Bxc2 Qb8 41. Bd3
d4 42. Qf4 Qd8 43. Kg3 a5 44. Qe4 Bf5 45. Qe2 Bxd3 46. Qxd3 Qd5 47. Kf4 h6 48.
g4 g5+ 49. hxg5 hxg5+ 50. Kf5 Qe6+ 51. Ke4 Qxg4+ 52. Kd5 Qe6+ 53. Kxd4 Qg4+ 54.
Kc5 Qc8+ 55. Kb6 Qb8+ 56. Kxa5 Qxe5+ 57. Qb5 Qxf6 58. a4 g4 59. Kb4 g3 60. Qb8+
Kh7 61. Qxg3 Qd4+ 62. Ka5 Qd5+ 63. Kb4 Qd4+ 64. Kb5 Qd5+ 65. Ka6 Qc6+ 66. Ka7
Qc5+ 67. Kb7 Qb4+ 68. Kc6 Qe4+ 69. Kc5 Qe7+ 70. Kc4 Qe6+ 71. Kc3 Qf6+ 72. Kd3
Qf5+ 73. Kd2 Qd7+ 74. Qd3+ Qxd3+ 75. Kxd3 f5 76. a5 Kg6 77. a6 f4 78. a7 Kg5 79.
a8=Q f3 80. Qxf3 1-0

[Event "Women's Speed Chess Q2"]
[Site "chess.com INT"]
[Date "2021.05.29"]
[Round "11"]
[White "Golubenko, Valentina"]
[Black "Zaichenko, Daria"]
[Result "1-0"]
[WhiteTitle "WGM"]
[BlackTitle "WFM"]
[WhiteElo "2209"]
[BlackElo "2104"]
[WhiteFideId "4501993"]
[BlackFideId "4197453"]
[EventDate "2021.05.29"]

1. d4 d5 2. g3 Bf5 3. Bg2 e6 4. c4 Nf6 5. Nc3 Be7 6. Qb3 b6 7. cxd5 exd5 8. Nxd5
Nxd5 9. Bxd5 c6 10. Bxf7+ Kf8 11. Nf3 Be4 12. O-O Bf6 13. Bf4 Qe7 14. Bc4 b5 15.
Bd3 Bxf3 16. exf3 Bxd4 17. Rfe1 Qf7 18. Bd6+ Kg8 19. Re8# 1-0

[Event "Women's Speed Chess Q2"]
[Site "chess.com INT"]
[Date "2021.05.29"]
[Round "11"]
[White "Bivol, Alina"]
[Black "Girya, Olga"]
[Result "1-0"]
[WhiteTitle "WGM"]
[BlackTitle "WGM"]
[WhiteElo "2385"]
[BlackElo "2451"]
[WhiteFideId "4100123"]
[BlackFideId "4195752"]
[EventDate "2021.05.29"]

1. e4 c6 2. d4 d5 3. e5 Bf5 4. h4 h5 5. Bd3 Bxd3 6. Qxd3 Qa5+ 7. Nd2 e6 8. Nf3
Qa6 9. c4 Bb4 10. O-O Ne7 11. Qb3 Bxd2 12. Nxd2 c5 13. dxc5 Nd7 14. cxd5 Nxd5
15. Qg3 Nxc5 16. b4 Nd7 17. Ne4 Kf8 18. Nd6 Nc3 19. Qxc3 1-0

[Event "Women's Speed Chess Q2"]
[Site "chess.com INT"]
[Date "2021.05.29"]
[Round "11"]
[White "Ambartsumova, Karina"]
[Black "Kulkarni, Bhakti"]
[Result "1-0"]
[WhiteTitle "IM"]
[BlackTitle "IM"]
[WhiteElo "2382"]
[BlackElo "2391"]
[WhiteFideId "4166299"]
[BlackFideId "5019516"]
[EventDate "2021.05.29"]

1. c4 g6 2. d4 Bg7 3. Nf3 f5 4. Nc3 Nf6 5. g3 O-O 6. Bg2 e6 7. O-O d5 8. Qb3 c6
9. Ne5 b6 10. Bf4 Bb7 11. Rac1 Nbd7 12. Rfd1 Nxe5 13. dxe5 Nd7 14. cxd5 cxd5 15.
Nxd5 exd5 16. Bxd5+ Bxd5 17. Qxd5+ Kh8 18. Qxd7 Qe8 19. Rc7 Rg8 20. Qxe8 Raxe8
21. Rdd7 a5 22. Bh6 1-0

[Event "Women's Speed Chess Q2"]
[Site "chess.com INT"]
[Date "2021.05.29"]
[Round "11"]
[White "Li, Xueyi"]
[Black "Kiran, Manisha Mohanty"]
[Result "1-0"]
[WhiteTitle "WGM"]
[BlackTitle "WGM"]
[WhiteElo "2328"]
[BlackElo "2168"]
[WhiteFideId "8605912"]
[BlackFideId "5019575"]
[EventDate "2021.05.29"]

1. d4 Nf6 2. c4 g6 3. g3 d5 4. cxd5 Nxd5 5. Bg2 Bg7 6. e4 Nb6 7. Ne2 c5 8. d5
O-O 9. O-O e6 10. Nbc3 exd5 11. exd5 Na6 12. b3 Bg4 13. Bb2 Nb4 14. h3 Bf5 15.
Nf4 Nc2 16. g4 Nxa1 17. gxf5 Qg5 18. Nfe2 gxf5 19. Qxa1 f4 20. Ne4 Qg6 21. Nxf4
Qh6 22. Bxg7 Qxg7 23. Nf6+ Kh8 24. N4h5 1-0

[Event "Women's Speed Chess Q2"]
[Site "chess.com INT"]
[Date "2021.05.29"]
[Round "11"]
[White "Tokhirjonova, Gulrukhbegim"]
[Black "Nguyen, Hong Anh"]
[Result "1-0"]
[WhiteTitle "WGM"]
[BlackTitle "WIM"]
[WhiteElo "2350"]
[BlackElo "1993"]
[WhiteFideId "14203626"]
[BlackFideId "12406732"]
[EventDate "2021.05.29"]

1. e4 c5 2. Nf3 Nc6 3. Bb5 g6 4. O-O Bg7 5. c3 Nf6 6. Qe2 O-O 7. d4 cxd4 8. cxd4
d6 9. h3 Qb6 10. Rd1 a6 11. Bc4 Na5 12. Bd3 Bd7 13. Nc3 Nc6 14. Be3 Qa5 15. a3
Rac8 16. b4 Qh5 17. Rac1 e6 18. Qd2 Na7 19. Be2 Rxc3 20. Qxc3 Nxe4 21. Qc7 Bc6
22. d5 Bxd5 23. Bxa7 Ng5 24. Nxg5 Qxg5 25. Bf1 Bb2 26. Be3 1-0

[Event "Women's Speed Chess Q2"]
[Site "chess.com INT"]
[Date "2021.05.29"]
[Round "11"]
[White "Sukandar, Irine Kharisma"]
[Black "Berend, Elvira"]
[Result "1-0"]
[WhiteTitle "IM"]
[BlackTitle "WGM"]
[WhiteElo "2413"]
[BlackElo "2326"]
[WhiteFideId "7101937"]
[BlackFideId "4000510"]
[EventDate "2021.05.29"]

1. e4 c5 2. Nf3 e6 3. c3 d5 4. e5 Ne7 5. d4 Nbc6 6. Bd3 Ng6 7. h4 cxd4 8. cxd4
Qb6 9. h5 Nge7 10. Nc3 Nf5 11. Bxf5 exf5 12. Nxd5 Qa5+ 13. Nc3 f4 14. Bxf4 Bg4
15. d5 Nb4 16. O-O Bxh5 17. a3 Na6 18. b4 Qd8 19. Re1 g5 20. Qa4+ Qd7 21. Qxd7+
Kxd7 22. e6+ fxe6 23. dxe6+ Ke8 24. Nxg5 Bg7 25. Rac1 Bxc3 26. Rxc3 Rf8 27. Bd6
Rf5 28. Ne4 Bg6 29. Rec1 Rd8 30. Rc8 Rd5 31. Nf6# 1-0

[Event "Women's Speed Chess Q2"]
[Site "chess.com INT"]
[Date "2021.05.29"]
[Round "11"]
[White "Daulyte-Cornette, Deimante"]
[Black "Dordzhieva, Dinara"]
[Result "0-1"]
[WhiteTitle "IM"]
[BlackTitle "WGM"]
[WhiteElo "2387"]
[BlackElo "2334"]
[WhiteFideId "12802859"]
[BlackFideId "24157570"]
[EventDate "2021.05.29"]

1. e4 c5 2. Nc3 Nc6 3. Bb5 Nd4 4. Nf3 g6 5. Bc4 Bg7 6. Nxd4 cxd4 7. Qf3 f5 8.
Ne2 Qa5 9. O-O e6 10. d3 Ne7 11. Bg5 fxe4 12. Qg4 h5 13. Qh4 Nf5 14. Qh3 d5 15.
Bb3 O-O 16. Nf4 Kh7 17. dxe4 dxe4 18. Bxe6 Qe5 19. Nxh5 gxh5 20. Qxh5+ Nh6 21.
Bxc8 Raxc8 22. Rae1 Rxc2 23. f4 Qf5 24. h3 e3 25. g4 Qe4 0-1

[Event "Women's Speed Chess Q2"]
[Site "chess.com INT"]
[Date "2021.05.29"]
[Round "11"]
[White "Chu, Ruotong"]
[Black "Vaishali, R"]
[Result "0-1"]
[WhiteTitle "WIM"]
[BlackTitle "WGM"]
[WhiteElo "2207"]
[BlackElo "2393"]
[WhiteFideId "8605653"]
[BlackFideId "5091756"]
[EventDate "2021.05.29"]

1. d4 d5 2. c4 e6 3. Nf3 Nf6 4. g3 Bd6 5. Bg2 O-O 6. O-O h6 7. Nbd2 b6 8. Qc2
Bb7 9. cxd5 exd5 10. Ne5 c5 11. Nec4 cxd4 12. Nxd6 Qxd6 13. Nb3 Nc6 14. Bf4 Qe6
15. Rad1 Rac8 16. Qd3 Rfe8 17. Bf3 Qh3 18. Nxd4 Nxd4 19. Qxd4 Ng4 20. Bxg4 Qxg4
21. f3 Qg6 22. Rd2 Rc4 23. Qf2 Rxf4 24. Kh1 Rf6 0-1

[Event "Women's Speed Chess Q2"]
[Site "chess.com INT"]
[Date "2021.05.29"]
[Round "11"]
[White "Padmini, Rout"]
[Black "Petrova, Irina"]
[Result "1-0"]
[WhiteTitle "IM"]
[BlackTitle "WIM"]
[WhiteElo "2370"]
[BlackElo "2110"]
[WhiteFideId "5029295"]
[BlackFideId "14124122"]
[EventDate "2021.05.29"]

1. e4 d6 2. d4 Nf6 3. Nc3 e5 4. dxe5 dxe5 5. Qxd8+ Kxd8 6. Bg5 Be6 7. O-O-O+ Nd7
8. Bxf6+ gxf6 9. Nge2 c6 10. Ng3 Kc7 11. a3 b5 12. Be2 a5 13. Nb1 Bc5 14. Rhf1
Rhb8 15. Nd2 a4 16. c3 Bf8 17. Nf5 Nc5 18. g4 Bxf5 19. exf5 Bh6 20. Kc2 Bxd2 21.
Rxd2 Rd8 22. f4 Rxd2+ 23. Kxd2 Rd8+ 24. Ke3 Re8 25. fxe5 Rxe5+ 26. Kf3 Nd7 27.
Rd1 h5 28. gxh5 Rxf5+ 29. Ke3 Ne5 30. Rg1 Rg5 31. Rxg5 fxg5 32. Ke4 Kd6 33. Kf5
g4 34. h6 Ng6 35. Bxg4 Ke7 36. Bf3 Nh4+ 37. Kg4 1-0

[Event "Women's Speed Chess Q2"]
[Site "chess.com INT"]
[Date "2021.05.29"]
[Round "11"]
[White "Mendoza, Shania Mae"]
[Black "Doluhanova, Evgeniya"]
[Result "1-0"]
[WhiteTitle "WFM"]
[BlackTitle "WGM"]
[WhiteElo "2158"]
[BlackElo "2207"]
[WhiteFideId "5211158"]
[BlackFideId "14112035"]
[EventDate "2021.05.29"]

1. e4 e5 2. Nf3 Nc6 3. Bc4 Bc5 4. O-O Nf6 5. d3 O-O 6. h3 d5 7. exd5 Nxd5 8. Re1
Nb6 9. Bb3 Re8 10. Ng5 Nd5 11. Qh5 Nf6 12. Bxf7+ Kh8 13. Qh4 Rf8 14. Bg6 Qd4 15.
Ne4 h6 16. Be3 Nxe4 17. Bxd4 Bxd4 18. Bxe4 Bxf2+ 19. Qxf2 Rxf2 20. Kxf2 Nd4 21.
Rc1 Be6 22. c3 Rf8+ 23. Ke3 Nb5 24. Nd2 c6 25. Rf1 Rd8 26. Rf2 Bd5 27. Raf1 Bxe4
28. Rf8+ 1-0

[Event "Women's Speed Chess Q2"]
[Site "chess.com INT"]
[Date "2021.05.29"]
[Round "11"]
[White "Nurmanova, Alua"]
[Black "Makhija, Aashna"]
[Result "1-0"]
[WhiteTitle "WFM"]
[BlackTitle "WIM"]
[WhiteElo "2008"]
[BlackElo "1969"]
[WhiteFideId "13729390"]
[BlackFideId "25011944"]
[EventDate "2021.05.29"]

1. e4 e5 2. Nf3 Nc6 3. Bb5 a6 4. Ba4 Nf6 5. O-O Be7 6. Re1 b5 7. Bb3 d6 8. c3
O-O 9. h3 Na5 10. Bc2 c5 11. d4 Qc7 12. Nbd2 cxd4 13. cxd4 Nc6 14. d5 Nb4 15.
Bb1 a5 16. a3 Na6 17. Nf1 Bd7 18. Ng3 Rfc8 19. Bg5 Qb7 20. Nh5 Nxh5 21. Bxe7
Bxh3 22. Bxd6 Qd7 23. Nxe5 Qxd6 24. Qxh5 g6 25. Nxf7 Kxf7 26. Qxh7+ Kf8 27. Qxh3
Kg7 28. Qg4 Rh8 29. e5 Qxd5 30. Qxg6+ Kf8 31. Be4 Qf7 32. Qxf7+ Kxf7 33. Bxa8
Rxa8 34. Rad1 Nc5 35. Rd5 Rc8 36. Rc1 1-0

[Event "Women's Speed Chess Q2"]
[Site "chess.com INT"]
[Date "2021.05.29"]
[Round "11"]
[White "Nandhidhaa, P V"]
[Black "Komiagina, Maria"]
[Result "1-0"]
[WhiteTitle "WGM"]
[BlackTitle "WIM"]
[WhiteElo "2365"]
[BlackElo "2241"]
[WhiteFideId "5050847"]
[BlackFideId "4153987"]
[EventDate "2021.05.29"]

1. b3 e5 2. Bb2 d6 3. d4 Nd7 4. Nf3 e4 5. Nfd2 Ngf6 6. Nc3 d5 7. e3 Bd6 8. Nb5
Be7 9. c4 c6 10. Nc3 O-O 11. Be2 Re8 12. O-O Nf8 13. a4 Ng6 14. Ba3 Bxa3 15.
Rxa3 Qd6 16. Ra1 a6 17. c5 Qc7 18. b4 Bf5 19. b5 axb5 20. axb5 Rxa1 21. Qxa1 Ng4
22. Bxg4 Bxg4 23. bxc6 bxc6 24. Rb1 h5 25. h3 Be6 26. Qa6 Bc8 27. Qb6 Qd7 28.
Ra1 Ne7 29. Ra7 Qf5 30. Rxe7 Rf8 31. Qxc6 Be6 32. Re8 Rxe8 33. Qxe8+ Kh7 34. c6
Qg5 35. Kh1 Qh4 36. Kg1 Qg5 37. Kf1 1-0

[Event "Women's Speed Chess Q2"]
[Site "chess.com INT"]
[Date "2021.05.29"]
[Round "11"]
[White "Frayna, Janelle Mae"]
[Black "Tarasova, Viktoriya"]
[Result "1-0"]
[WhiteTitle "WGM"]
[BlackTitle "WIM"]
[WhiteElo "2179"]
[BlackElo "2226"]
[WhiteFideId "5212499"]
[BlackFideId "4175840"]
[EventDate "2021.05.29"]

1. d4 Nf6 2. c4 e6 3. Nc3 Bb4 4. f3 c6 5. e4 d5 6. e5 Nfd7 7. cxd5 exd5 8. Bd3
O-O 9. Ne2 c5 10. f4 Nc6 11. O-O cxd4 12. Nxd5 Bc5 13. Bd2 Nb6 14. Nxb6 Bxb6 15.
Ng3 h6 16. Qf3 Be6 17. Qe4 g6 18. f5 Bd5 19. Qf4 g5 20. Qg4 Nxe5 21. Qh5 Qf6 22.
Be4 Bc4 23. Rfe1 d3+ 24. Kh1 Bd4 25. Rf1 Nd7 26. Bxb7 Rab8 27. Ne4 Qg7 28. Nd6
Nf6 29. Qf3 g4 30. Qf4 Nh5 31. Qxh6 Bb5 32. Qxh5 Be5 33. f6 Qg6 34. Qxe5 1-0

[Event "Women's Speed Chess Q2"]
[Site "chess.com INT"]
[Date "2021.05.29"]
[Round "11"]
[White "Shuvalova, Polina"]
[Black "Papp, Petra"]
[Result "1-0"]
[WhiteTitle "IM"]
[BlackTitle "WGM"]
[WhiteElo "2484"]
[BlackElo "2336"]
[WhiteFideId "24171760"]
[BlackFideId "739049"]
[EventDate "2021.05.29"]

1. e4 c6 2. d4 d5 3. e5 c5 4. dxc5 e6 5. a3 Bxc5 6. Nf3 Ne7 7. Bd3 Nd7 8. O-O
Ng6 9. Re1 Qc7 10. b4 Be7 11. Bb2 a5 12. b5 a4 13. Nbd2 Nf4 14. Bf1 O-O 15. Rc1
b6 16. c4 Nc5 17. cxd5 exd5 18. g3 Nh3+ 19. Kg2 Qd8 20. Nd4 Ng5 21. f4 Bh3+ 22.
Kg1 Bxf1 23. Nxf1 Nge4 24. Nc6 Qd7 25. Qxd5 Qxd5 26. Nxe7+ Kh8 27. Nxd5 Rfd8 28.
Rcd1 h5 29. Nfe3 Rab8 30. Kg2 Kh7 31. Nc4 f5 32. exf6 gxf6 33. Nxf6+ Nxf6 34.
Bxf6 Rd3 35. Rxd3 Nxd3 36. Re7+ Kg6 37. Bd4 Rc8 38. Ne5+ Nxe5 39. Bxe5 Rc2+ 40.
Kh3 Kf5 41. Ra7 Rc5 42. Rxa4 Rxb5 43. Rb4 Ra5 44. Rxb6 Rxa3 45. Rh6 Ke4 46. Rxh5
Kf3 47. Rh8 Ra5 48. Rc8 1-0

[Event "Women's Speed Chess Q2"]
[Site "chess.com INT"]
[Date "2021.05.29"]
[Round "11"]
[White "Vine, Elzbieta"]
[Black "Varney, Zoe"]
[Result "1-0"]
[WhiteTitle "WFM"]
[BlackTitle "WCM"]
[WhiteElo "2138"]
[BlackElo "1917"]
[WhiteFideId "1119320"]
[BlackFideId "436135"]
[EventDate "2021.05.29"]

1. e4 e5 2. Nf3 Nc6 3. Bb5 a6 4. Ba4 Nf6 5. O-O Be7 6. d4 Nxe4 7. dxe5 d5 8. c3
O-O 9. Bc2 Ng5 10. Nxg5 Bxg5 11. Qh5 h6 12. h4 Bxc1 13. Rxc1 Qe7 14. Re1 Be6 15.
f4 d4 16. f5 dxc3 17. Nxc3 Bc4 18. f6 Qe6 19. b3 Nd4 20. Be4 Bb5 21. Rad1 Nc6
22. Bf5 Qe8 23. Nd5 Qb8 24. fxg7 Kxg7 25. Qg4+ Kh8 26. Nf6 1-0

[Event "Women's Speed Chess Q2"]
[Site "chess.com INT"]
[Date "2021.05.29"]
[Round "11"]
[White "Zaksaite, Salomeja"]
[Black "Frattini, Beatriz Maria"]
[Result "0-1"]
[WhiteTitle "WIM"]
[BlackTitle "WCM"]
[WhiteElo "2202"]
[BlackElo "1854"]
[WhiteFideId "12801496"]
[BlackFideId "22715002"]
[EventDate "2021.05.29"]

1. g3 Nf6 2. Bg2 g6 3. b3 Bg7 4. Bb2 O-O 5. e3 d5 6. Ne2 c6 7. O-O Nbd7 8. d4
Re8 9. c4 Ne4 10. Nbc3 Ndf6 11. cxd5 cxd5 12. Nxe4 Nxe4 13. a3 Bd7 14. f3 Nd6
15. e4 e6 16. e5 Nf5 17. Qd3 a6 18. a4 b5 19. Rfc1 Rc8 20. Bf1 Qb6 21. g4 Ne7
22. f4 Rxc1 23. Bxc1 Rc8 24. Ba3 b4 25. Bb2 Qc6 26. Rc1 Qb6 27. Rxc8+ Bxc8 28.
Ng3 Bh6 29. Qc2 Bxf4 30. Kg2 Qc6 31. Qxc6 Nxc6 32. Kf3 Bd2 33. Ke2 Bc3 34. Kd3
Bxb2 0-1

[Event "Women's Speed Chess Q2"]
[Site "chess.com INT"]
[Date "2021.05.29"]
[Round "11"]
[White "Grigoryan, Meri"]
[Black "Sharma, Isha"]
[Result "0-1"]
[WhiteTitle "WFM"]
[BlackTitle "WIM"]
[WhiteElo "2044"]
[BlackElo "2237"]
[WhiteFideId "13300571"]
[BlackFideId "35006665"]
[EventDate "2021.05.29"]

1. d4 Nf6 2. c4 g6 3. Nc3 Bg7 4. Nf3 d6 5. h3 O-O 6. e4 e5 7. d5 Na6 8. Be3 Nc5
9. Nd2 a5 10. Nb3 Ncxe4 11. Rc1 a4 12. Nd2 Nxc3 13. Rxc3 b6 14. g4 Nd7 15. Ne4
h6 16. h4 f5 17. gxf5 gxf5 18. Rg1 Qxh4 19. Ng5 f4 20. Ne6 fxe3 21. Rxg7+ Kh8
22. Qe2 Rxf2 23. Rxe3 Rxe2+ 24. Kxe2 Nf6 25. Reg3 Bxe6 26. dxe6 Qxc4+ 27. Kf2
Ne4+ 0-1